<?xml version="1.0" encoding="UTF-8"?>
<collection xmlns="http://www.loc.gov/MARC21/slim">
 <record>
  <leader>05897nam a2200445 a 4500</leader>
  <controlfield tag="001">kal3599</controlfield>
  <controlfield tag="003">Gr-AtHEAL</controlfield>
  <controlfield tag="005">20160427133402.0</controlfield>
  <controlfield tag="006">m        d        </controlfield>
  <controlfield tag="008">160413s2015    gr      s           gre|c</controlfield>
  <datafield tag="020" ind1=" " ind2=" ">
   <subfield code="a">9789606031205</subfield>
  </datafield>
  <datafield tag="040" ind1=" " ind2=" ">
   <subfield code="a">GR-AtHEAL</subfield>
   <subfield code="b">gre</subfield>
   <subfield code="c">GR-AtHEAL</subfield>
  </datafield>
  <datafield tag="082" ind1="0" ind2="4">
   <subfield code="a">620.1</subfield>
   <subfield code="2">23</subfield>
  </datafield>
  <datafield tag="100" ind1="1" ind2=" ">
   <subfield code="a">Ματίκας, Θεόδωρος.</subfield>
   <subfield code="8">2109</subfield>
  </datafield>
  <datafield tag="245" ind1="1" ind2="0">
   <subfield code="a">Μη καταστροφικοί έλεγχοι</subfield>
   <subfield code="h">[Ηλεκτρονικός πόρος] </subfield>
   <subfield code="c">Ματίκας, Θεόδωρος ; Αγγέλης, Δημήτριος ; Κριτικός αναγνώστης,Δάσιος, Κωνσταντίνος.</subfield>
  </datafield>
  <datafield tag="260" ind1=" " ind2=" ">
   <subfield code="a">Αθήνα :</subfield>
   <subfield code="b">Σύνδεσμος Ελληνικών Ακαδημαϊκών Βιβλιοθηκών,</subfield>
   <subfield code="c">c2015.</subfield>
  </datafield>
  <datafield tag="490" ind1=" " ind2=" ">
   <subfield code="a">Ακαδημαϊκά Ηλεκτρονικά Συγγράμματα και Βοηθήματα Κάλλιπος</subfield>
   <subfield code="8">40</subfield>
  </datafield>
  <datafield tag="520" ind1=" " ind2=" ">
   <subfield code="a">Το προτεινόμενο σύγγραμμα πραγματεύεται το σύνολο των μεθόδων μη καταστροφικού ελέγχου (ΜΚΕ), οι οποίες αποτελούν πειραματικές τεχνικές και μεθοδολογίες με σκοπό τη μελέτη των ιδιοτήτων υλικών και δομών/κατασκευών, χωρίς την πρόκληση βλάβης. Τα δεδομένα του μη-καταστροφικού χαρακτηρισμού αξιοποιούνται για τον έλεγχο της δομικής ακεραιότητας και της ποιότητας των υλικών και κατασκευών. Η παρακολούθηση της υγιούς λειτουργίας ενός υλικού ή μιας κατασκευής έχει σκοπό την αξιολόγηση της φθοράς (γήρανση) του υλικού ή της κατασκευής σε πραγματικό χρόνο, κατά τη διάρκεια μηχανικής ή περιβαλλοντικής καταπόνησης. Ο έλεγχος της ποιότητας και η παρακολούθηση της υγιούς λειτουργίας, βασιζόμενα στο μη-καταστροφικό χαρακτηρισμό με μεθόδους υψηλής αξιοπιστίας, αποτελούν σήμερα αναπόσπαστο κομμάτι μεγάλου εύρους τεχνολογικών εφαρμογών (επίγειες-θαλάσσιες-αεροπορικές-διαστημικές μεταφορές, δομικά έργα, πυρηνική τεχνολογία, ανακύκλωση, περιβαλλοντική βιωσιμότητα, κλπ.)Σημειώνεται ότι, παρότι είναι διαθέσιμα ξενόγλωσσα βιβλία που καλύπτουν το αντικείμενο αυτό σε μεγαλύτερο ή μικρότερο βαθμό, δεν υπάρχει αντίστοιχο σύγγραμμα στην Ελληνική. Το κενό αυτό θα καλυφθεί με το προτεινόμενο σύγγραμμα. Η θεματολογία του περιέχει θεμελιώδεις γνώσεις για ολόκληρο το φάσμα των τεχνικών μη καταστροφικού ελέγχου και επιμέρους εξειδικευμένες περιπτώσεις (case studies) που θα καταδεικνύουν την εφαρμογή των τεχνικών σε πραγματικούς ελέγχους βλάβης υλικών και κατασκευών. Συγκεκριμένα, θα συζητηθούν μέθοδοι όπως οι υπέρηχοι, η ακουστική εκπομπή, η θερμογραφία υπερύθρου, η ραδιογραφία, τα διεισδυτικά υγρά και οπτικός έλεγχος, τα μαγνητικά σωματίδια, τα δινορεύματα, ενώ θα παρουσιαστούν με λεπτομέρεια εξειδικευμένες περιπτώσεις από την πλούσια εμπειρία των συγγραφέων.</subfield>
  </datafield>
  <datafield tag="650" ind1=" " ind2="0">
   <subfield code="a">Nondestructive testing</subfield>
   <subfield code="8">2692</subfield>
  </datafield>
  <datafield tag="653" ind1=" " ind2=" ">
   <subfield code="a">Διεισδυτικά υγρά</subfield>
  </datafield>
  <datafield tag="653" ind1=" " ind2=" ">
   <subfield code="a">Δινορεύματα</subfield>
  </datafield>
  <datafield tag="653" ind1=" " ind2=" ">
   <subfield code="a">Ραδιογραφία</subfield>
  </datafield>
  <datafield tag="653" ind1=" " ind2=" ">
   <subfield code="a">Οπτικός έλεγχος</subfield>
  </datafield>
  <datafield tag="653" ind1=" " ind2=" ">
   <subfield code="a">Μαγνητικά σωματίδια</subfield>
  </datafield>
  <datafield tag="653" ind1=" " ind2=" ">
   <subfield code="a">Ακουστική εκπομπή</subfield>
  </datafield>
  <datafield tag="653" ind1=" " ind2=" ">
   <subfield code="a">Θερμογραφία υπερύθρου</subfield>
  </datafield>
  <datafield tag="653" ind1=" " ind2=" ">
   <subfield code="a">Υπέρηχοι</subfield>
  </datafield>
  <datafield tag="653" ind1=" " ind2=" ">
   <subfield code="a">Μη καταστροφικός χειρισμός</subfield>
  </datafield>
  <datafield tag="653" ind1=" " ind2=" ">
   <subfield code="a">Μη καταστροφική αξιολόγηση</subfield>
  </datafield>
  <datafield tag="653" ind1=" " ind2=" ">
   <subfield code="a">Μη καταστροφικός έλεγχος</subfield>
  </datafield>
  <datafield tag="653" ind1=" " ind2=" ">
   <subfield code="a">Τεχνολογία και επιστήμες μηχανικών</subfield>
   <subfield code="a">Τεχνολογία και μηχανική υλικών</subfield>
   <subfield code="a">Διαγνωστικές μέθοδοι μελέτης υλικών</subfield>
  </datafield>
  <datafield tag="653" ind1=" " ind2=" ">
   <subfield code="a">Τεχνολογία και επιστήμες μηχανικών</subfield>
   <subfield code="a">Τεχνολογία και μηχανική υλικών</subfield>
   <subfield code="a">Ιδιότητες υλικών</subfield>
  </datafield>
  <datafield tag="653" ind1=" " ind2=" ">
   <subfield code="a">Τεχνολογία και επιστήμες μηχανικών</subfield>
   <subfield code="a">Τεχνολογία και μηχανική υλικών</subfield>
   <subfield code="a">Έλεγχος υλικών</subfield>
  </datafield>
  <datafield tag="700" ind1="1" ind2=" ">
   <subfield code="a">Αγγέλης, Δημήτριος</subfield>
   <subfield code="e">Συγγραφέας</subfield>
   <subfield code="8">2110</subfield>
  </datafield>
  <datafield tag="700" ind1="1" ind2=" ">
   <subfield code="a">Δάσιος, Κωνσταντίνος</subfield>
   <subfield code="e">Κριτικός αναγνώστης</subfield>
   <subfield code="8">2111</subfield>
  </datafield>
  <datafield tag="856" ind1="4" ind2="0">
   <subfield code="u">http://hdl.handle.net/11419/3599</subfield>
   <subfield code="z">Πλήρες Κείμενο - Full text</subfield>
  </datafield>
  <datafield tag="907" ind1=" " ind2=" ">
   <subfield code="a">.b25678498</subfield>
   <subfield code="b">12-06-18</subfield>
   <subfield code="c">29-07-16</subfield>
  </datafield>
  <datafield tag="949" ind1=" " ind2=" ">
   <subfield code="0">0</subfield>
   <subfield code="1">0</subfield>
   <subfield code="2">ddc</subfield>
   <subfield code="4">0</subfield>
   <subfield code="6">620_100000000000000_ΜΑΤ</subfield>
   <subfield code="7">0</subfield>
   <subfield code="8">KALL</subfield>
   <subfield code="8">608</subfield>
   <subfield code="d">2016-04-13</subfield>
   <subfield code="r">2016-04-13</subfield>
   <subfield code="w">2016-04-13</subfield>
   <subfield code="z">620.1 ΜΑΤ</subfield>
   <subfield code="o">SEAB KALLIPOS</subfield>
  </datafield>
  <datafield tag="998" ind1=" " ind2=" ">
   <subfield code="a">80</subfield>
   <subfield code="a">01</subfield>
   <subfield code="a">02</subfield>
   <subfield code="a">03</subfield>
   <subfield code="a">04</subfield>
   <subfield code="a">05</subfield>
   <subfield code="a">06</subfield>
   <subfield code="a">07</subfield>
   <subfield code="a">08</subfield>
   <subfield code="a">09</subfield>
   <subfield code="a">10</subfield>
   <subfield code="a">11</subfield>
   <subfield code="a">12</subfield>
   <subfield code="a">13</subfield>
   <subfield code="a">14</subfield>
   <subfield code="a">15</subfield>
   <subfield code="a">16</subfield>
   <subfield code="a">17</subfield>
   <subfield code="a">18</subfield>
   <subfield code="a">19</subfield>
   <subfield code="a">20</subfield>
   <subfield code="a">21</subfield>
   <subfield code="a">22</subfield>
   <subfield code="a">23</subfield>
   <subfield code="a">24</subfield>
   <subfield code="a">25</subfield>
   <subfield code="a">26</subfield>
   <subfield code="b">10-05-17</subfield>
   <subfield code="c">m</subfield>
   <subfield code="d">z  </subfield>
   <subfield code="e">-</subfield>
   <subfield code="f">gre</subfield>
   <subfield code="g">gr </subfield>
   <subfield code="h">0</subfield>
  </datafield>
  <datafield tag="942" ind1=" " ind2=" ">
   <subfield code="2">ddc</subfield>
   <subfield code="c">KALLIPOS</subfield>
  </datafield>
 </record>
</collection>
